Najpopularniejsze nazwiska w Ameryce Południowej - Statystyki

Ogólne statystyki
  • Ten quiz został rozwiązany 9 razy
  • Średni wynik to 4 z 12
Statystyki odpowiedzi
Państwo Nazwisko % Poprawnych
Kolumbia Rodríguez
63%
Urugwaj Rodríguez
63%
Wenezuela Rodríguez
63%
Brazylia Silva
63%
Argentyna González
50%
Chile González
50%
Paragwaj González
50%
Ekwador García
38%
Surinam Lin
0%
Boliwia Mamani
0%
Gujana Persaud
0%
Peru Quispe
0%
Nie znaleziono quizów pasujących do podanych kryteriów
Rozkład punktacji
Procent ludzi z każdym wynikiem
Percentyl według liczby udzielonych odpowiedzi
Twoja historia wyników
Nie rozwiązałeś tego quizu